Ergonomía aplicada (Registro nro. 7307)
[ vista simple ]
| 000 -CABECERA | |
|---|---|
| campo de control de longitud fija | 00586nam a22002297a 4500 |
| 005 - FECHA Y HORA DE ACTUALIZACIÓN | |
| campo de control | 20160401135241.0 |
| 008 - LONGITUD FIJA | |
| campo de control de longitud fija | 160112b xxu||||| |||| 00| 0 spa d |
| 020 ## - INTERNATIONAL STANDARD BOOK NUMBER | |
| Número Internacional Estándar del Libro | 9789682476044 |
| 041 ## - IDIOMA | |
| Código de idioma del texto/pista de sonido o título separado | |
| 082 ## - CLASIFICACIÓN DECIMAL DEWEY | |
| Número de clasificación | 620.82 |
| Número de documento/Ítem | W286e2 |
| 100 ## - AUTOR PERSONAL | |
| Nombre de persona | Warr, Peter |
| 245 ## - TÍTULO PROPIAMENTE DICHO | |
| Título | Ergonomía aplicada |
| 250 ## - EDICIÓN | |
| Mención de edición | 2 edición |
| 260 ## - PIE DE IMPRENTA | |
| Lugar de publicación, distribución, etc. | México |
| Nombre del editor, distribuidor, etc. | Trillas |
| Fecha de publicación, distribución, etc. | 2006 |
| 300 ## - DESCRIPCIÓN FÍSICA | |
| Extensión | 338 páginas |
| 650 ## - Materia General | |
| Materia general | ERGONOMÍA |
| 650 ## - Materia General | |
| Materia general | SALUD OCUPACIONAL |
| 650 ## - Materia General | |
| Materia general | TRABAJO DE OFICINA |
| 650 ## - Materia General | |
| Materia general | PSICOLOGÍA |
| 650 ## - Materia General | |
| Materia general | CARGA DE TRABAJO |
| 942 ## - Punto de Acceso Adicional Koha | |
| Tipo de ítem Koha | Libro |
| Estado perdido | Estado dañado | No para préstamo | Biblioteca permanente | Biblioteca actual | Signatura completa | Código de barras | Tipo de ítem | Precio efectivo a partir del |
|---|---|---|---|---|---|---|---|---|
| Departamento de Biblioteca y Documentación Alfonso Chase Brenes | Departamento de Biblioteca y Documentación Alfonso Chase Brenes | 620.82 W286e2 | 19962 | Libro | ||||
| Departamento de Biblioteca y Documentación Alfonso Chase Brenes | Departamento de Biblioteca y Documentación Alfonso Chase Brenes | 620.82 W286e2 | 20907 | Libro | 01/04/2016 | |||
| Departamento de Biblioteca y Documentación Alfonso Chase Brenes | Departamento de Biblioteca y Documentación Alfonso Chase Brenes | 620.82 W286e2 | 22519 | Libro | 09/08/2017 |